| 000 | 01074nam a2200301 i 4500 | ||
|---|---|---|---|
| 001 | 000047469 | ||
| 003 | DO-SdBNP | ||
| 005 | 20240503143713.0 | ||
| 007 | ta | ||
| 008 | 180606s2017 dr a 000 spa d | ||
| 020 | _a9789945907223 | ||
| 040 |
_aDO-SdBNP _bspa _cBNPHU _erda |
||
| 082 | 4 |
_bB837g _222 |
|
| 100 | 1 |
_aBrenes Pérez, Rafael Andrés, _975094 _eautor |
|
| 245 | 1 | 3 |
_aEl gran olvidado. / _cRafael Andrés Brenes Pérez ; compilación, Mario Emilio Sánchez Córdova, Margarita Piñeyro de Sánchez |
| 264 |
_aSanto Domingo : _bArchivo General de la Nación, _c2017. |
||
| 300 |
_a573 páginas ; _c24 cm. |
||
| 336 |
_2rdacontent _atexto _btxt |
||
| 337 |
_2rdamedia _asin mediación _bn |
||
| 338 |
_2rdacarrier _avolumen _bnc |
||
| 490 |
_aArchivo General de la Nación _v309 |
||
| 500 | _aIncluye datos biográficos del autor en las solapas | ||
| 590 | _aInventariado, 2021/BT | ||
| 700 | 1 |
_aSánchez Córdova, Mario Emilio, _ecompilación _934794 |
|
| 700 | 1 |
_aPiñeyro Sánchez, Margarita de, _ecompilación _985375 |
|
| 910 | _aDG | ||
| 942 |
_2ddc _cLBS1 |
||
| 999 |
_c46957 _d46957 |
||